Modra svetloba : homoeroticna ljubezen v slovenski literaturi /
I tiakina i:
| Kaituhi matua: | |
|---|---|
| Hōputu: | Pukapuka |
| Reo: | Horowākia |
| I whakaputaina: |
Ljubljana :
SKUC,
1990
|
| Rangatū: | Lambda ;
1 |
| Ngā Tūtohu: |
Kāore He Tūtohu, Me noho koe te mea tuatahi ki te tūtohu i tēnei pūkete!
|
MARC
| LEADER | 00000nam a22000007i 4500 | ||
|---|---|---|---|
| 001 | IT\ICCU\UBO\3303668 | ||
| 003 | ItRI | ||
| 005 | 20260115232433.0 | ||
| 008 | 071018s1990 xp |||||| ||||| |||||c | ||
| 040 | |b ita |c importazione bologna sebina | ||
| 041 | 7 | |a slo |2 ISO-639-2 | |
| 100 | 1 | |a Mozetič, Brane |0 IT\ICCU\RAVV\275911 |4 aut | |
| 245 | 1 | 0 | |a Modra svetloba : |b homoeroticna ljubezen v slovenski literaturi / |c uredil in spremna beseda Brane Mozetic. |
| 260 | |a Ljubljana : |b SKUC, |c 1990 | ||
| 300 | |a 161 p. ; |c 21 cm. | ||
| 830 | 0 | |a Lambda ; |v 1 |0 IT\ICCU\UBO\3303675 | |
| 942 | |2 ddc |c BK |n 0 | ||
| 952 | |0 0 |1 0 |4 0 |6 DOC_891_843000000000000_BRA |7 0 |9 25757 |a BO |b BO |d 2026-01-15 |i 2427 |l 0 |o DOC 891.843 BRA |p BO2427 |r 2026-01-15 23:24:33 |w 2026-01-15 |x [Sebina 5] [1 v.] |y BK |z 1 v. | ||
| 999 | |c 21847 |d 21847 | ||